Lengua española 1 : (Registro nro. 46400)
[ vista simple ]
| 000 -CABECERA | |
|---|---|
| campo de control de longitud fija | 00910nam a2200241 a 4500 |
| 001 - NÚMERO DE CONTROL | |
| campo de control | 000046911 |
| 005 - FECHA Y HORA DE LA ÚLTIMA TRANSACCIÓN | |
| campo de control | 20201002053214.0 |
| 008 - DATOS DE LONGITUD FIJA--INFORMACIÓN GENERAL | |
| campo de control de longitud fija | 180406s2015 dr a r 000 0 spa d |
| 020 ## - NÚMERO INTERNACIONAL ESTÁNDAR DEL LIBRO | |
| Número Internacional Estándar del Libro | 9789945175110 |
| 040 ## - FUENTE DE LA CATALOGACIÓN | |
| Centro catalogador/agencia de origen | DO-SdBNP |
| Lengua de catalogación | spa |
| Centro/agencia transcriptor | BNPHU |
| 082 ## - NÚMERO DE LA CLASIFICACIÓN DECIMAL DEWEY | |
| Número de clasificación | xxxx |
| Número de documento/Ítem | xxxx |
| 245 00 - MENCIÓN DE TÍTULO | |
| Título | Lengua española 1 : |
| Resto del título | libro de texto, primaria 1 / |
| Mención de responsabilidad, etc. | edición Elías Herrera Jerez, Lynnette Defilló Arzeno ; ilustraciones Monserrat Ubach. |
| 260 ## - PUBLICACIÓN, DISTRIBUCIÓN, ETC. | |
| Lugar de publicación, distribución, etc. | Santo Domingo : |
| Nombre del editor, distribuidor, etc. | SM, |
| Fecha de publicación, distribución, etc. | 2015. |
| 300 ## - DESCRIPCIÓN FÍSICA | |
| Extensión | 223 p. : |
| Otras características físicas | il. ; |
| Dimensiones | 28 cm. + |
| Material acompañante/anejo | CD-ROM |
| 490 1# - MENCIÓN DE SERIE | |
| Mención de serie | Proyecto conecta |
| 500 ## - NOTA GENERAL | |
| Nota general | La biblioteca posee el libro y el cuaderno de estrategias |
| 505 0# - NOTA DE CONTENIDO CON FORMATO | |
| Información miscelánea | v.1. |
| Título | Libro texto -- |
| Información miscelánea | v.2. |
| Título | Cuadernos de estrategia. |
| 590 ## - NOTA LOCAL (RLIN) | |
| Nota local | Inventariado, 2018/BT |
| 700 12 - PUNTO DE ACCESO ADICIONAL--NOMBRE DE PERSONA | |
| Nombre de persona | Herrera Jerez, Elías, |
| Término indicativo de función/relación | ed. |
| 9 (RLIN) | 16086 |
| 700 12 - PUNTO DE ACCESO ADICIONAL--NOMBRE DE PERSONA | |
| Nombre de persona | Defilló Arzeno, Lynnette, |
| Término indicativo de función/relación | ed. |
| 9 (RLIN) | 74842 |
| 700 12 - PUNTO DE ACCESO ADICIONAL--NOMBRE DE PERSONA | |
| Nombre de persona | Ubach, Monserrat, |
| Término indicativo de función/relación | il. |
| 9 (RLIN) | 73776 |
| 830 #0 - PUNTO DE ACCESO ADICIONAL DE SERIE-TÍTULO UNIFORME | |
| Título uniforme | Proyecto conecta |
| 9 (RLIN) | 74828 |
| Estado de retiro | Estado de pérdida | Restricciones de uso | No para préstamo | Código de colección | Localización permanente | Ubicación/localización actual | Ubicación en estantería | Fecha de adquisición | Número de inventario | Total de préstamos | Signatura topográfica completa | Código de barras | Fecha visto por última vez | Precio válido a partir de | Tipo de ítem Koha |
|---|---|---|---|---|---|---|---|---|---|---|---|---|---|---|---|
| Patrimonio Dominicano | General | General | Depósito | 06.04.2018 | LF1 | v. 1, e. 3 | 46911-30 | 25.06.2020 | 25.06.2020 | Libro y Folleto Colección Patrimonio Dominicano | |||||
| Patrimonio Dominicano | General | General | Depósito | 16.11.2018 | LF1 | v. 2, e. 3 | 46911-60 | 25.06.2020 | 25.06.2020 | Libro y Folleto Colección Patrimonio Dominicano | |||||
| Excluido de préstamo | Patrimonio Dominicano | Patrimonio Dominicano | Patrimonio Dominicano | Depósito | 06.04.2018 | LF1 | v. 1 | 46911-10 | 25.06.2020 | 25.06.2020 | Libro y Folleto Colección Patrimonio Dominicano | ||||
| Excluido de préstamo | Patrimonio Dominicano | Patrimonio Dominicano | Patrimonio Dominicano | Depósito | 06.04.2018 | LF1 | v. 1, e. 2 | 46911-20 | 25.06.2020 | 25.06.2020 | Libro y Folleto Colección Patrimonio Dominicano | ||||
| Excluido de préstamo | Patrimonio Dominicano | Patrimonio Dominicano | Patrimonio Dominicano | Depósito | 16.11.2018 | LF1 | v. 2 | 46911-40 | 25.06.2020 | 25.06.2020 | Libro y Folleto Colección Patrimonio Dominicano | ||||
| Excluido de préstamo | Patrimonio Dominicano | Patrimonio Dominicano | Patrimonio Dominicano | Depósito | 16.11.2018 | LF1 | v. 2, e. 2 | 46911-50 | 25.06.2020 | 25.06.2020 | Libro y Folleto Colección Patrimonio Dominicano |
